[Event "BCF-chT3N 1617 (4NCL)"]
[Site "England"]
[Date "2017.03.18"]
[Round "7.22"]
[White "Jaracz, Pawel"]
[Black "Burton, Graham P"]
[Result "1-0"]
[WhiteElo "2470"]
[BlackElo "2005"]
[PlyCount "55"]
[EventDate "2016.11.26"]
[EventType "team-swiss"]
[EventRounds "11"]
[EventCountry "ENG"]
[SourceTitle "EXT 2019"]
[Source "ChessBase"]
[SourceDate "2018.10.10"]
[SourceVersion "1"]
[SourceVersionDate "2018.10.10"]
[SourceQuality "1"]
[WhiteTeam "Manx Liberty"]
[BlackTeam "3CS Oldham II"]
[WhiteTeamCountry "IOM"]
[BlackTeamCountry "ENG"]

1. e4 c5 2. Nf3 e6 3. d4 cxd4 4. Nxd4 Nc6 5. Nc3 Qc7 6. Be2 a6 7. 0-0 b5 8. Nxc6 dxc6 9. a4 Rb8 10. Bd3 Bb7 11. Qe2 Be7 12. e5 Rd8 13. Bf4 Rd4 14. Ne4 g5 15. Nd6+ Kf8 16. Be3 Rd5 17. Nxb7 Qxb7 18. axb5 axb5 19. f4 gxf4 20. Bxf4 Bc5+ 21. Kh1 h5 22. Be4 Rd7 23. Qf3 Rc7 24. Bg5 h4 25. Rad1 Rc8 26. Bxc6 Rxc6 27. Rd8+ Kg7 28. Bf6+ 1-0

[Event "BCF-chT3Na 1516 (4NCL)"]
[Site "England"]
[Date "2016.02.14"]
[Round "6.87"]
[White "Buckley, Colm"]
[Black "Burton, Graham P"]
[Result "1/2-1/2"]
[WhiteElo "2020"]
[BlackElo "2003"]
[PlyCount "67"]
[EventDate "2015.11.14"]
[EventType "team-swiss"]
[EventRounds "7"]
[EventCountry "ENG"]
[SourceTitle "EXT 2017"]
[Source "ChessBase"]
[SourceDate "2016.10.25"]
[SourceVersion "1"]
[SourceVersionDate "2016.10.25"]
[SourceQuality "1"]
[WhiteTeam "Spirit of Atticus III"]
[BlackTeam "3CS Oldham II"]
[WhiteTeamCountry "ENG"]
[BlackTeamCountry "ENG"]

1. d4 Nf6 2. c4 c5 3. d5 e6 4. Nc3 exd5 5. cxd5 d6 6. e4 g6 7. f4 Bg7 8. Bb5+ Nfd7 9. a4 0-0 10. Nf3 Na6 11. 0-0 Nb4 12. Re1 a6 13. Bc4 Nb6 14. Bd3 Bg4 15. a5 Nxd3 16. Qxd3 Nd7 17. Bd2 b5 18. axb6 Qxb6 19. Na4 Qb5 20. Qc2 Bxf3 21. gxf3 Rab8 22. Bc3 Bd4+ 23. Bxd4 cxd4 24. Qd2 Rfc8 25. Qxd4 Rc4 26. Qd1 Rbc8 27. Re2 Rc1 28. Rxc1 Rxc1 29. Qxc1 Qxe2 30. Qf1 Qe3+ 31. Kg2 Qxf4 32. Qxa6 Qd2+ 33. Kg1 Qd1+ 34. Kf2 1/2-1/2

[Event "BCF-chT3 1314 (4NCL)"]
[Site "England"]
[Date "2014.05.03"]
[Round "9.225"]
[White "Willmoth, Robert"]
[Black "Burton, Graham P"]
[Result "1-0"]
[WhiteElo "2142"]
[BlackElo "2043"]
[PlyCount "67"]
[EventDate "2013.11.16"]
[EventType "team-swiss"]
[EventRounds "11"]
[EventCountry "ENG"]
[SourceTitle "EXT 2015"]
[Source "ChessBase"]
[SourceDate "2014.11.20"]
[SourceVersion "1"]
[SourceVersionDate "2014.11.20"]
[SourceQuality "1"]
[WhiteTeam "Barnet Knights"]
[BlackTeam "3CS Oldham II"]
[WhiteTeamCountry "ENG"]
[BlackTeamCountry "ENG"]

1. c4 e6 2. g3 Nf6 3. Bg2 c5 4. Nf3 Nc6 5. 0-0 Be7 6. b3 a6 7. Bb2 0-0 8. Nc3 Qc7 9. d4 cxd4 10. Nxd4 d6 11. Rc1 Nxd4 12. Qxd4 Rb8 13. Rfd1 b6 14. Ne4 Bb7 15. Qe3 Nxe4 16. Bxe4 Bxe4 17. Qxe4 Qb7 18. Qg4 e5 19. e4 Rbc8 20. Ba3 Rfd8 21. Qe2 b5 22. cxb5 Rxc1 23. Rxc1 axb5 24. Bb4 g6 25. Rd1 f5 26. Rd5 Rb8 27. Qd3 fxe4 28. Qxe4 Rc8 29. Rxe5 Rc1+ 30. Kg2 Qxe4+ 31. Rxe4 Kf7 32. Re2 h5 33. h4 Kf6 34. Bd2 1-0

[Event "BCF-chT1b 1314 (4NCL)"]
[Site "England"]
[Date "2014.01.11"]
[Round "3.168"]
[White "Townsend, M Paul"]
[Black "Burton, Graham P"]
[Result "1/2-1/2"]
[WhiteElo "2230"]
[BlackElo "2056"]
[PlyCount "88"]
[EventDate "2013.11.16"]
[EventType "team-tourn"]
[EventRounds "7"]
[EventCountry "ENG"]
[SourceTitle "EXT 2015"]
[Source "ChessBase"]
[SourceDate "2014.11.20"]
[SourceVersion "1"]
[SourceVersionDate "2014.11.20"]
[SourceQuality "1"]
[WhiteTeam "White Rose"]
[BlackTeam "3CS Oldham"]
[WhiteTeamCountry "ENG"]
[BlackTeamCountry "ENG"]

1. d4 Nf6 2. c4 c5 3. d5 e6 4. Nc3 exd5 5. cxd5 d6 6. Nf3 g6 7. Bf4 Bg7 8. Qa4+ Bd7 9. Qb3 Qc7 10. e4 0-0 11. Nd2 Nh5 12. Be3 f5 13. exf5 Bxf5 14. Be2 Nf6 15. h3 Na6 16. a3 Rab8 17. Nb5 Qe7 18. Nxa7 Ne4 19. Nc4 Nc7 20. 0-0 b5 21. Nc6 Qe8 22. Nxd6 Nxd6 23. Bxc5 Qd7 24. Nxb8 Rxb8 25. Rad1 Ne4 26. Be3 Qd6 27. Rfe1 Be5 28. Bf3 Nf6 29. Bg5 Re8 30. Kh1 Nd7 31. g4 Qc5 32. Be3 Bc2 33. Bxc5 Bxb3 34. Rc1 Bxb2 35. Rxe8+ Nxe8 36. Re1 Nef6 37. Bb4 Bxd5 38. Kg2 Bxf3+ 39. Kxf3 Nd5 40. Ke4 N7b6 41. Bc5 Nf6+ 42. Kd3 Nc4 43. a4 Ne5+ 44. Kc2 bxa4 1/2-1/2

[Event "Amsterdam Science Park op-B 3rd"]
[Site "Amsterdam"]
[Date "2013.07.07"]
[Round "2"]
[White "Burton, Graham P"]
[Black "Van Rijkom, Eric"]
[Result "1/2-1/2"]
[WhiteElo "2047"]
[BlackElo "1909"]
[PlyCount "84"]
[EventDate "2013.07.06"]
[EventType "swiss"]
[EventRounds "9"]
[EventCountry "NED"]
[SourceTitle "CBM 155 Extra"]
[Source "ChessBase"]
[SourceDate "2013.08.26"]
[SourceVersion "1"]
[SourceVersionDate "2013.08.26"]
[SourceQuality "1"]

1. e4 c5 2. Nf3 e6 3. d4 cxd4 4. Nxd4 a6 5. Nc3 Qc7 6. Bd3 Nf6 7. f4 d6 8. Be3 b5 9. a3 Bb7 10. Qf3 Nbd7 11. g4 Nc5 12. g5 Nfd7 13. 0-0 Be7 14. Rac1 Rd8 15. b4 Nxd3 16. cxd3 Qb8 17. Qh3 d5 18. g6 Nf8 19. gxf7+ Kxf7 20. f5 e5 21. Qh5+ Kg8 22. f6 Bxf6 23. Rxf6 gxf6 24. Nf5 Ng6 25. Nh6+ Kg7 26. Nf5+ Kf7 27. Bc5 dxe4 28. Nh6+ Ke8 29. Qf5 Rd6 30. Nxe4 Bxe4 31. dxe4 Ne7 32. Qh5+ Ng6 33. Nf5 Rd7 34. Ne3 Qd8 35. Rf1 Rf8 36. Bxf8 Kxf8 37. Nd5 Rxd5 38. exd5 Nf4 39. Qh6+ Kg8 40. Rf3 Kh8 41. Rxf4 exf4 42. Qxf4 Kg7 1/2-1/2

[Event "BCF-chT2c 1213 (4NCL) Promotion pool"]
[Site "England"]
[Date "2013.05.05"]
[Round "10.16"]
[White "Burton, Graham P"]
[Black "Nitz, Tomos"]
[Result "1/2-1/2"]
[WhiteElo "2052"]
[BlackElo "2122"]
[PlyCount "109"]
[EventDate "2012.11.13"]
[EventType "team-tourn"]
[EventRounds "4"]
[EventCountry "ENG"]
[SourceTitle "EXT 2014"]
[Source "ChessBase"]
[SourceDate "2013.11.20"]
[SourceVersion "1"]
[SourceVersionDate "2013.11.20"]
[SourceQuality "1"]
[WhiteTeam "3CS Oldham"]
[BlackTeam "Oxford"]
[WhiteTeamCountry "ENG"]
[BlackTeamCountry "ENG"]

1. e4 e5 2. Nf3 Nc6 3. c3 d5 4. Qa4 f6 5. Bb5 Nge7 6. exd5 Qxd5 7. d4 Bg4 8. c4 Qe4+ 9. Be3 Bxf3 10. Nd2 Qg6 11. gxf3 exd4 12. Bxd4 a6 13. 0-0-0 0-0-0 14. Nb3 Nxd4 15. Nxd4 Nf5 16. Ne6 Rxd1+ 17. Rxd1 Bd6 18. Bxa6 bxa6 19. c5 Re8 20. Qxa6+ Kd7 21. cxd6 Nxd6 22. Nxc7 Kxc7 23. Qxd6+ Kb7 24. Qd7+ Kb8 25. Qb5+ Ka8 26. Qa6+ Kb8 27. Qb6+ Ka8 28. Rd8+ Rxd8 29. Qxd8+ Kb7 30. Qd7+ Kb8 31. Qb5+ Kc7 32. Qa4 Kb8 33. Qf4+ Ka7 34. Qg4 Qh6+ 35. Kb1 Qxh2 36. Qxg7+ Ka8 37. Qf8+ Ka7 38. Qc5+ Ka8 39. Qd5+ Ka7 40. Qd4+ Ka8 41. Qe4+ Ka7 42. Qe7+ Ka8 43. Qf8+ Ka7 44. Qa3+ Kb8 45. Qb4+ Ka7 46. Qd4+ Ka8 47. Qe4+ Ka7 48. a4 h5 49. Qd4+ Ka8 50. Qd8+ Ka7 51. Qd7+ Ka8 52. Qc6+ Ka7 53. Qc5+ Ka8 54. Qd5+ Ka7 55. Ka2 1/2-1/2

[Event "BCF-chT3 1213 (4NCL)"]
[Site "England"]
[Date "2013.03.24"]
[Round "8.226"]
[White "Burton, Graham P"]
[Black "Fraser Mitchell, Jeremy N"]
[Result "1/2-1/2"]
[WhiteElo "2038"]
[BlackElo "2065"]
[PlyCount "46"]
[EventDate "2012.11.03"]
[EventType "team-swiss"]
[EventRounds "11"]
[EventCountry "ENG"]
[SourceTitle "EXT 2014"]
[Source "ChessBase"]
[SourceDate "2013.11.20"]
[SourceVersion "1"]
[SourceVersionDate "2013.11.20"]
[SourceQuality "1"]
[WhiteTeam "3CS Oldham II"]
[BlackTeam "FCA Solutions II"]
[WhiteTeamCountry "ENG"]
[BlackTeamCountry "ENG"]

1. e4 e6 2. d4 d5 3. e5 c5 4. c3 Nc6 5. Nf3 Nh6 6. Be2 Nf5 7. dxc5 Bxc5 8. b4 Bb6 9. b5 Nce7 10. 0-0 Ng6 11. Bd3 Nfh4 12. Nxh4 Qxh4 13. g3 Qh3 14. Qe2 0-0 15. Ba3 Re8 16. Nd2 Bd7 17. Nf3 Qg4 18. Kh1 Ba5 19. Rac1 Rac8 20. Bb2 Rc5 21. c4 dxc4 22. Rxc4 Rxc4 23. Bxc4 Rc8 1/2-1/2

[Event "BCF-chT2d 1112 (4NCL)"]
[Site "England"]
[Date "2012.05.07"]
[Round "9.17"]
[White "Stewart, Ashley"]
[Black "Burton, Graham P"]
[Result "1-0"]
[WhiteElo "2001"]
[BlackElo "2069"]
[PlyCount "85"]
[EventDate "2011.11.12"]
[EventType "team-swiss"]
[EventRounds "11"]
[EventCountry "ENG"]
[SourceTitle "EXT 2013"]
[Source "ChessBase"]
[SourceDate "2012.11.22"]
[SourceVersion "1"]
[SourceVersionDate "2012.11.22"]
[SourceQuality "1"]
[WhiteTeam "Barbican Youth"]
[BlackTeam "3CS Oldham"]
[WhiteTeamCountry "ENG"]
[BlackTeamCountry "ENG"]

1. c4 e5 2. g3 Nc6 3. Bg2 g6 4. Nc3 Bg7 5. d3 d6 6. Nf3 Nge7 7. 0-0 0-0 8. Rb1 a6 9. Nd2 Rb8 10. b4 h6 11. a4 a5 12. bxa5 Nxa5 13. Ba3 Be6 14. Nd5 b6 15. Qc2 Nec6 16. Ne4 Nd4 17. Qa2 f5 18. Nec3 c6 19. e3 Ndb3 20. Nb4 Nc5 21. Nxc6 Nxc6 22. Bxc6 Nxd3 23. Nb5 Rc8 24. Bd5 Bxd5 25. cxd5 Nc5 26. Na7 Ra8 27. Nc6 Qc7 28. Bxc5 bxc5 29. a5 f4 30. exf4 exf4 31. f3 fxg3 32. hxg3 Qd7 33. Kg2 g5 34. Qe2 Rae8 35. Qd3 Qf7 36. a6 Bd4 37. Rb7 Qf5 38. Qxf5 Rxf5 39. Ne7+ Rxe7 40. Rxe7 c4 41. a7 Rf8 42. Rb1 c3 43. Rb8 1-0

[Event "Amsterdam Science Park op-A 1st"]
[Site "Amsterdam"]
[Date "2011.07.12"]
[Round "4"]
[White "Van Eekhout, David"]
[Black "Burton, Graham P"]
[Result "1-0"]
[WhiteElo "2173"]
[BlackElo "2051"]
[PlyCount "65"]
[EventDate "2011.07.09"]
[EventType "swiss"]
[EventRounds "9"]
[EventCountry "NED"]
[SourceTitle "CBM 143 Extra"]
[Source "ChessBase"]
[SourceDate "2011.08.29"]
[SourceVersion "1"]
[SourceVersionDate "2011.08.29"]
[SourceQuality "1"]

1. e4 c5 2. Nf3 e6 3. d4 cxd4 4. Nxd4 Nc6 5. Nc3 Qc7 6. Be3 a6 7. Qd2 Nf6 8. 0-0-0 Be7 9. f3 0-0 10. g4 b5 11. g5 Nh5 12. Nce2 Rd8 13. Ng3 Nxd4 14. Bxd4 Nf4 15. h4 Bb7 16. Be3 e5 17. Qf2 Rdc8 18. Nf5 Bf8 19. h5 d5 20. Bxf4 exf4 21. exd5 Rd8 22. Bd3 Bxd5 23. Be4 Bxe4 24. fxe4 Qe5 25. Qf3 Rac8 26. Rxd8 Rxd8 27. g6 Qf6 28. Qxf4 Kh8 29. gxf7 Ba3 30. e5 Qc6 31. bxa3 Qxh1+ 32. Kb2 Qd5 33. Ne7 1-0

[Event "Amsterdam Science Park op-A 1st"]
[Site "Amsterdam"]
[Date "2011.07.10"]
[Round "2"]
[White "Bosboom, Manuel"]
[Black "Burton, Graham P"]
[Result "1-0"]
[WhiteElo "2399"]
[BlackElo "2051"]
[PlyCount "47"]
[EventDate "2011.07.09"]
[EventType "swiss"]
[EventRounds "9"]
[EventCountry "NED"]
[SourceTitle "CBM 143 Extra"]
[Source "ChessBase"]
[SourceDate "2011.08.29"]
[SourceVersion "1"]
[SourceVersionDate "2011.08.29"]
[SourceQuality "1"]

1. c4 e5 2. a3 d6 3. h4 Nc6 4. e3 Nf6 5. b4 Bf5 6. Bb2 g6 7. Nc3 Bg7 8. Nge2 0-0 9. Ng3 Be6 10. h5 d5 11. cxd5 Bxd5 12. Rc1 Be6 13. Nce4 Nxe4 14. Nxe4 Bf5 15. Qf3 Qe7 16. g4 Bxe4 17. Qxe4 Qg5 18. b5 Na5 19. h6 Bh8 20. Rxc7 Rfd8 21. Bc3 Nb3 22. Bc4 Nd4 23. exd4 exd4 24. Bb4 1-0

[Event "Amsterdam Science Park op-A 1st"]
[Site "Amsterdam"]
[Date "2011.07.09"]
[Round "1"]
[White "Burton, Graham P"]
[Black "Timmermans, Ivo"]
[Result "1/2-1/2"]
[WhiteElo "2051"]
[BlackElo "2232"]
[PlyCount "114"]
[EventDate "2011.07.09"]
[EventType "swiss"]
[EventRounds "9"]
[EventCountry "NED"]
[SourceTitle "CBM 143 Extra"]
[Source "ChessBase"]
[SourceDate "2011.08.29"]
[SourceVersion "1"]
[SourceVersionDate "2011.08.29"]
[SourceQuality "1"]

1. e4 e5 2. Nf3 Nc6 3. c3 Nf6 4. d3 g6 5. g3 Bg7 6. Bg2 0-0 7. 0-0 a5 8. Nbd2 d5 9. Qc2 h6 10. Re1 Re8 11. b3 Be6 12. Bb2 Qd7 13. a3 Rad8 14. b4 Nh7 15. b5 Nb8 16. exd5 Bxd5 17. c4 Bxf3 18. Nxf3 Qxd3 19. Qxd3 Rxd3 20. Bxe5 Ng5 21. Bxg7 Nxf3+ 22. Bxf3 Rxe1+ 23. Rxe1 Kxg7 24. Bxb7 Kf6 25. Re8 Nd7 26. Rc8 Rxa3 27. Rxc7 Ne5 28. Bd5 g5 29. Ra7 Nd3 30. h3 Ra1+ 31. Kg2 Ra2 32. Rxf7+ Ke5 33. b6 Rb2 34. b7 Nc5 35. Rf8 Nxb7 36. Rb8 a4 37. Bxb7 a3 38. Ra8 Rxb7 39. Rxa3 Rb6 40. Rc3 Kd4 41. c5 Rc6 42. Rc1 Ke4 43. g4 Kf4 44. Rc4+ Ke5 45. Kg3 Kd5 46. Rc1 Ke4 47. Rb1 Rxc5 48. Rb6 Rc3+ 49. Kg2 h5 50. gxh5 Kf5 51. h6 Rc4 52. h7 Rh4 53. Rb7 Rh6 54. Kg3 Rh5 55. f3 Kg6 56. Ra7 Kf5 57. Ra5+ Kg6 1/2-1/2

[Event "BCF-chT2 1011 (4NCL)"]
[Site "England"]
[Date "2011.05.01"]
[Round "10.86"]
[White "Davison, Chris"]
[Black "Burton, Graham P"]
[Result "1/2-1/2"]
[WhiteElo "1890"]
[BlackElo "2070"]
[PlyCount "58"]
[EventDate "2010.11.06"]
[EventType "team-swiss"]
[EventRounds "11"]
[EventCountry "ENG"]
[SourceTitle "EXT 2012"]
[Source "ChessBase"]
[SourceDate "2011.11.24"]
[SourceVersion "1"]
[SourceVersionDate "2011.11.24"]
[SourceQuality "1"]
[WhiteTeam "Poisoned Pawns II"]
[BlackTeam "3CS Oldham"]
[WhiteTeamCountry "ENG"]
[BlackTeamCountry "ENG"]

1. e4 c5 2. Nf3 e6 3. d4 cxd4 4. Nxd4 Nc6 5. Be3 Nf6 6. Nd2 a6 7. Be2 Qc7 8. Bf3 Ne5 9. Be2 Be7 10. 0-0 0-0 11. f4 Nc6 12. Nxc6 bxc6 13. Bf3 Bb7 14. Qe1 d5 15. e5 Nd7 16. Bg4 c5 17. c3 Rad8 18. Qg3 d4 19. cxd4 cxd4 20. Bxd4 Nc5 21. Qc3 Qd7 22. Be3 Rc8 23. Rad1 Qa4 24. b3 Qa3 25. Nc4 Qxa2 26. Rf2 Ne4 27. Qc2 Qxc2 28. Rxc2 Bd5 29. Bf3 Rb8 1/2-1/2

[Event "BCF-chT2 1011 (4NCL)"]
[Site "England"]
[Date "2011.03.26"]
[Round "7.56"]
[White "Burton, Graham P"]
[Black "Stimpson, Philip M"]
[Result "0-1"]
[WhiteElo "2070"]
[BlackElo "2095"]
[PlyCount "50"]
[EventDate "2010.11.06"]
[EventType "team-swiss"]
[EventRounds "11"]
[EventCountry "ENG"]
[SourceTitle "EXT 2012"]
[Source "ChessBase"]
[SourceDate "2011.11.24"]
[SourceVersion "1"]
[SourceVersionDate "2011.11.24"]
[SourceQuality "1"]
[WhiteTeam "3CS Oldham"]
[BlackTeam "Guildford A&DC II"]
[WhiteTeamCountry "ENG"]
[BlackTeamCountry "ENG"]

1. e4 d5 2. exd5 Nf6 3. Bb5+ Nbd7 4. c4 a6 5. Ba4 b5 6. cxb5 Nxd5 7. Nf3 N5b6 8. Bc2 axb5 9. d4 e6 10. 0-0 Bb7 11. Nc3 b4 12. Ne4 Be7 13. Re1 Nf6 14. Nfg5 h6 15. Nxf6+ Bxf6 16. Rxe6+ fxe6 17. Nxe6 Qd6 18. Bf5 g5 19. Qh5+ Ke7 20. Bd2 Nc4 21. Nc5 Bxd4 22. Nxb7 Bxf2+ 23. Kh1 Qxd2 24. Qg6 Qd5 25. Rf1 Rag8 0-1

[Event "BCF-chT2 1011 (4NCL)"]
[Site "England"]
[Date "2010.11.06"]
[Round "1.84"]
[White "Burton, Graham P"]
[Black "Byway, Paul V"]
[Result "1/2-1/2"]
[WhiteElo "2070"]
[BlackElo "2162"]
[PlyCount "60"]
[EventDate "2010.11.06"]
[EventType "team-swiss"]
[EventRounds "11"]
[EventCountry "ENG"]
[SourceTitle "EXT 2012"]
[Source "ChessBase"]
[SourceDate "2011.11.24"]
[SourceVersion "1"]
[SourceVersionDate "2011.11.24"]
[SourceQuality "1"]
[WhiteTeam "3CS Oldham"]
[BlackTeam "Poisoned Pawns"]
[WhiteTeamCountry "ENG"]
[BlackTeamCountry "ENG"]

1. e4 c5 2. Nf3 e6 3. d4 cxd4 4. Nxd4 Nf6 5. Nc3 Nc6 6. Bf4 Bb4 7. Ndb5 Nxe4 8. Qf3 d5 9. Nc7+ Kf8 10. 0-0-0 Bxc3 11. bxc3 Rb8 12. Nxd5 exd5 13. Qxe4 dxe4 14. Rxd8+ Nxd8 15. Bxb8 a6 16. Bc4 Be6 17. Rd1 Ke7 18. Bd6+ Kf6 19. Bb3 Nc6 20. Re1 Bxb3 21. axb3 Re8 22. Bc5 Kf5 23. Kd2 Rd8+ 24. Ke3 Kg6 25. h3 h5 26. Re2 f5 27. f3 exf3 28. Kxf3 Kf6 29. h4 Rd5 30. Be3 g6 1/2-1/2

[Event "Calvia Amateur op 7th"]
[Site "Calvia"]
[Date "2010.10.13"]
[Round "5"]
[White "Rodriguez Garcia, Jesus"]
[Black "Burton, Graham P"]
[Result "1-0"]
[WhiteElo "1928"]
[BlackElo "2080"]
[PlyCount "95"]
[EventDate "2010.10.09"]
[EventType "swiss"]
[EventRounds "9"]
[EventCountry "ESP"]
[SourceTitle "EXT 2011"]
[Source "ChessBase"]
[SourceDate "2010.11.26"]
[SourceVersion "1"]
[SourceVersionDate "2010.11.26"]
[SourceQuality "1"]

1. Nf3 e6 2. c4 c5 3. Nc3 Nf6 4. e4 Nc6 5. d4 cxd4 6. Nxd4 Bb4 7. Nxc6 bxc6 8. Bd3 e5 9. Qc2 0-0 10. Bg5 h6 11. Bh4 d6 12. f3 Be6 13. g4 d5 14. exd5 cxd5 15. 0-0-0 Be7 16. Bxf6 Bxf6 17. Nxd5 Bxd5 18. Bh7+ Kh8 19. Rxd5 Qb6 20. Be4 Rab8 21. c5 Qa5 22. Kb1 Rb5 23. Rhd1 Rfb8 24. b3 Qa3 25. R1d3 Rc8 26. c6 Rxd5 27. Rxd5 Qa6 28. Rd7 Bg5 29. Qc5 Qf1+ 30. Kb2 Qe2+ 31. Qc2 Qb5 32. a4 Qb6 33. Rb7 Qd4+ 34. Ka2 Qd6 35. b4 g6 36. b5 Be7 37. Qc3 f5 38. gxf5 gxf5 39. Bc2 Bf6 40. Qb3 Rf8 41. Bxf5 Qd2+ 42. Bc2 e4 43. fxe4 Be5 44. Rd7 Qxh2 45. c7 Qg1 46. Bb1 Rf2+ 47. Ka3 Qc1+ 48. Kb4 1-0

[Event "Hilversum op-A"]
[Site "Hilversum"]
[Date "2010.06.30"]
[Round "5"]
[White "Burton, Graham P"]
[Black "Van der Kooij, Paul"]
[Result "1-0"]
[WhiteElo "2083"]
[BlackElo "2054"]
[PlyCount "43"]
[EventDate "2010.06.26"]
[EventType "swiss"]
[EventRounds "9"]
[EventCountry "NED"]
[SourceTitle "CBM 137 Extra"]
[Source "ChessBase"]
[SourceDate "2010.09.01"]
[SourceVersion "1"]
[SourceVersionDate "2010.09.01"]
[SourceQuality "1"]

1. e4 c5 2. Nf3 e6 3. Nc3 a6 4. d4 cxd4 5. Nxd4 Qc7 6. Bd3 Nf6 7. 0-0 Nc6 8. Nb3 b5 9. Be3 Ne5 10. Bd4 d6 11. f4 Nxd3 12. cxd3 e5 13. fxe5 dxe5 14. Rxf6 exd4 15. Nd5 Qd8 16. Rc6 Be6 17. Nc7+ Kd7 18. Rxe6 fxe6 19. Nxa8 Qxa8 20. Qh5 g6 21. Qe5 Bd6 22. Qg7+ 1-0

[Event "Calvia Amateur op 6th"]
[Site "Calvia"]
[Date "2009.10.18"]
[Round "9"]
[White "Burton, Graham P"]
[Black "Karlsson, Jorgen"]
[Result "0-1"]
[WhiteElo "2042"]
[BlackElo "2160"]
[PlyCount "50"]
[EventDate "2009.10.10"]
[EventType "swiss"]
[EventRounds "9"]
[EventCountry "ESP"]
[SourceTitle "CBM 132 Extra"]
[Source "ChessBase"]
[SourceDate "2009.11.03"]
[SourceVersion "1"]
[SourceVersionDate "2009.11.03"]
[SourceQuality "1"]

1. e4 g6 2. d4 Bg7 3. Nf3 d6 4. Be2 c5 5. d5 Nf6 6. Nc3 a6 7. a4 b6 8. 0-0 Nbd7 9. Re1 0-0 10. h3 Ne8 11. Bf4 Nc7 12. Bf1 h6 13. Qd2 g5 14. Bg3 Bb7 15. Rad1 f6 16. Bc4 Qe8 17. h4 b5 18. axb5 Nb6 19. Bf1 axb5 20. hxg5 hxg5 21. e5 dxe5 22. Ne4 Bxd5 23. Nxc5 Qc6 24. Ra1 Bxf3 25. gxf3 Nbd5 0-1

[Event "Calvia Amateur op 6th"]
[Site "Calvia"]
[Date "2009.10.16"]
[Round "7"]
[White "Burton, Graham P"]
[Black "Korhonen, Pasi"]
[Result "0-1"]
[WhiteElo "2042"]
[BlackElo "2116"]
[PlyCount "28"]
[EventDate "2009.10.10"]
[EventType "swiss"]
[EventRounds "9"]
[EventCountry "ESP"]
[SourceTitle "CBM 132 Extra"]
[Source "ChessBase"]
[SourceDate "2009.11.03"]
[SourceVersion "1"]
[SourceVersionDate "2009.11.03"]
[SourceQuality "1"]

1. e4 c5 2. Nf3 d6 3. d4 cxd4 4. Nxd4 Nf6 5. Nc3 g6 6. Be3 Bg7 7. f3 0-0 8. Bc4 Nc6 9. Qe2 Ne5 10. Bd3 a6 11. 0-0 b5 12. b4 Qc7 13. Ncxb5 axb5 14. Nxb5 Qd8 0-1

[Event "Calvia Amateur op 6th"]
[Site "Calvia"]
[Date "2009.10.13"]
[Round "4"]
[White "Massanet Massanet, Sebastian"]
[Black "Burton, Graham P"]
[Result "1-0"]
[WhiteElo "2297"]
[BlackElo "2042"]
[PlyCount "59"]
[EventDate "2009.10.10"]
[EventType "swiss"]
[EventRounds "9"]
[EventCountry "ESP"]
[SourceTitle "CBM 132 Extra"]
[Source "ChessBase"]
[SourceDate "2009.11.03"]
[SourceVersion "1"]
[SourceVersionDate "2009.11.03"]
[SourceQuality "1"]

1. d4 Nf6 2. c4 c5 3. d5 e6 4. Nf3 exd5 5. cxd5 d6 6. e4 g6 7. h3 Bg7 8. Bd3 0-0 9. 0-0 Nh5 10. Nc3 Nd7 11. g4 Nhf6 12. Bf4 Ne8 13. Re1 a6 14. a4 b6 15. Qe2 Ne5 16. Nxe5 dxe5 17. Bg3 h5 18. gxh5 Bxh3 19. Bxa6 Nd6 20. Kh2 Rxa6 21. Kxh3 Ra8 22. Kg2 Qg5 23. hxg6 fxg6 24. Nb5 Qe7 25. Qg4 Nxb5 26. axb5 Qd6 27. Ra6 Rab8 28. Ra7 Rf7 29. Rea1 Rbb7 30. Rxb7 1-0